000 01271nam0a22002531 4500
001 rc\4454522
005 20260407185735.0
021 _aRU
_b[63-26058]
035 _a(NLR Aleph) 008589313
090 _a8634255
_c8634255
100 _a20130416d1966 |||y0rusy50 ca
101 0 _arus
102 _aRU
105 _ay z |||||
200 1 _aИнструкция по лечению и профилактике основных гельминтозов
_eУтв. Гл. сан.-эпидемиол. упр. Минздрава РСФСР 23/VIII 1962 г.
_fМ-во здравоохранения РСФСР. Рост. науч.-исслед. ин-т мед. паразитологии. Воронежский облздравотд. Обл. сан.-эпидемиол. станция
210 _aВоронеж
_cЦентр.-Чернозем. кн. изд-во
_d1966
215 _a56 с.
_d20
606 _aГлисты и глистные инвазии
_xПрофилактика и борьба
_2psbo
712 0 1 _aРСФСР
_bГлавное санитарно-эпидемиологическое управление
_3RU\NLR\AUTH\8810122227
_9742489
801 0 _aRU
_bNLR
_gpsbo
801 1 _aRU
_bELAR
_2rusmarc
852 _aNLR
_j66-4/12930
942 _cBOOK
980 _aNB